Statistics for French Colors of The Rainbow

Click here to take the quiz!

General Stats

  • This quiz has been taken 160 times
  • The average score is 5 of 7

Answer Stats

HintAnswer% Correct
1Rouge
97%
6Bleu
86%
4Vert
83%
3Orange
78%
2Jaune
72%
5Violet
64%
7Bleu Marine
3%

Score Distribution

Percentile by Number Answered

Percent of People with Each Score

Your Score History

You have not taken this quiz